Meranie výkonu systému riadenia ľudských zdrojov diplomová práca

Na minha lista:
Detalhes bibliográficos
Autor principal: Bothová, Veronika
Autor Corporativo: Fakulta podnikového manažmentu EU. Katedra manažmentu
Outros Autores: Blštáková, Jana, 1980-
Formato: Livro
Idioma:eslovaco
Publicado em: Bratislava 2020
Tags: Adicionar Tag
Sem tags, seja o primeiro a adicionar uma tag!

MARC

LEADER 00000nbm a2200000 4500
001 0266122
005 20201130133559.4
041 0 |a slo 
044 |a SK 
245 1 0 |a Meranie výkonu systému riadenia ľudských zdrojov  |b diplomová práca  |c Veronika Bothová ; školiteľ: Jana Blštáková 
264 1 |a Bratislava  |c 2020 
300 |a 74 s. 
100 1 |a Bothová, Veronika 
700 1 |a Blštáková, Jana, 1980- 
710 2 |a Fakulta podnikového manažmentu EU. Katedra manažmentu